It looks like you're offline.
Open Library logo
additional options menu

MARC Record from Scriblio

Record ID marc_records_scriblio_net/part09.dat:91916319:537
Source Scriblio
Download Link /show-records/marc_records_scriblio_net/part09.dat:91916319:537?format=raw

LEADER: 00537cam 2200193 i 4500
001 76027642
003 DLC
005 19980619131030.0
008 760725s1977 nyu 00011 eng
010 $a 76027642
020 $a069001208X
040 $aDLC$cDLC$dDLC
050 00 $aPZ4.M3447$bGo3$aPR9499.3.M367
082 00 $a823/.9/14
100 10 $aMarkandaya, Kamala,$d1924-
245 14 $aThe golden honeycomb :$ba novel /$cby Kamala Markandaya.
260 0 $aNew York :$bCrowell,$cc1977.
300 $aix, 469 p. ;$c24 cm.
651 0 $aIndia$xFiction.